000 00425nam a2200169Ia 4500
001 3605
005 20260306145655.0
008 260306t9999||||xx |||||||||||||| ||spa||
041 _aESP
082 _a298
_bM98 Lib I
100 _aMusavi Lari, Sayyid Mujtaba
_eAUT
245 0 _aLos fundamentos de la doctrina Islámica
300 _a260 páginas :
_c21 cm.
650 _aGEN
654 _aCHU
942 _cLIB
_dJUS
_fJUS
_2ddc
_n
999 _c3605
_d3605